<?xml version="1.0" encoding="UTF-8"?>
<marc:record xmlns:marc="http://www.loc.gov/MARC21/slim">
   <marc:leader>00000nam a2200000 a 4500</marc:leader>
   <marc:datafield ind1="1" ind2=" " tag="100">
      <marc:subfield code="a">Birnbaum, Elisabeth</marc:subfield>
      <marc:subfield code="4">aut</marc:subfield>
      <marc:subfield code="e">Verfasser/-in</marc:subfield>
   </marc:datafield>
   <marc:datafield ind1=" " ind2=" " tag="653">
      <marc:subfield code="a">Neues Testament</marc:subfield>
   </marc:datafield>
   <marc:datafield ind1=" " ind2=" " tag="653">
      <marc:subfield code="a">Bibel</marc:subfield>
   </marc:datafield>
   <marc:datafield ind1="0" ind2="0" tag="245">
      <marc:subfield code="a">Crashkurs Neues Testament</marc:subfield>
   </marc:datafield>
   <marc:datafield ind1="0" ind2="0" tag="245">
      <marc:subfield code="c">Elisabeth Birnbaum ; Illustrationen von David Kassl</marc:subfield>
   </marc:datafield>
   <marc:datafield ind1=" " ind2="1" tag="264">
      <marc:subfield code="a">Wien</marc:subfield>
      <marc:subfield code="b">Wiener Dom-Verlag</marc:subfield>
      <marc:subfield code="c">2022</marc:subfield>
   </marc:datafield>
   <marc:datafield ind1="1" ind2=" " tag="520">
      <marc:subfield code="a">Quelle: bn.bibliotheksnachrichten (http://www.biblio.at/literatur/bn/index.html); #Autor: Karl Krendl; #Eine niederschwellige, fundierte und ansprechende Einführung in die 27 Bücher des Neuen Testaments. (PR)#Ermutigt vom Erfolg des »Crashkurs Altes Testament«, einer aus der Not der Corona-Pandemie entstandenen Einführung in das Alte Testament zunächst in Videoclips und dann in Buchform, wandte sich die Direktorin des Österreichischen Katholischen Bibelwerks, Elisabeth Birnbaum, dem Neuen Testament zu, erneut mit der Intention, »in wenigen Worten und Bildern das Wesentliche eines biblischen Buches zu zeigen«. Das Ergebnis ist auf dem YouTube-Kanal des Bibelwerks abrufbar, und nun in adaptierter Form als »Crashkurs Neues Testament« auch bücheraffinen Bibelinteressierten zugänglich.#Jedes der 27 Bücher des Neuen Testaments, sei es das lange Matthäusevangelium oder der kurze 3. Johannesbrief, wird auf jeweils vier Seiten vorgestellt, und man erfährt in übersichtlicher Form und gut verständlich, also frei von komplizierten Fachbegriffen, Sachkundiges über Aufbau, historische Einordnung, sprachliche Gestalt und zentrale theologische Aussagen. Die kompakten Ausführungen werden wiederum durch erfrischende und originelle Illustrationen des Grafikers David Kassl unterstützt. Der »Crashkurs« bietet all jenen, die bisher ob der Fremdheit und Komplexität der Bücher des Neuen Testaments vor einer Lektüre zurückgeschreckt sind, eine ansprechend aufgemachte Einführung. Empfehlenswert!</marc:subfield>
   </marc:datafield>
   <marc:datafield ind1=" " ind2=" " tag="020">
      <marc:subfield code="a">9783853512968</marc:subfield>
      <marc:subfield code="9">9783853512968</marc:subfield>
   </marc:datafield>
   <marc:datafield ind1=" " ind2=" " tag="041">
      <marc:subfield code="a">ger</marc:subfield>
   </marc:datafield>
   <marc:datafield ind1=" " ind2=" " tag="300">
      <marc:subfield code="a">128 Seiten</marc:subfield>
   </marc:datafield>
</marc:record>
